Pandemické lekcie v postpandemickom svete v oblasti HR - skúsenosti medzinárodných firiem diplomová práca

Guardado en:
Detalles Bibliográficos
Autor principal: Greškovičová, Ema
Autor Corporativo: Obchodná fakulta EU. Katedra medzinárodného obchodu
Otros Autores: Krajčík, Daniel, 1981-
Formato: Libro
Lenguaje:eslovaco
Publicado: Bratislava 2024
Etiquetas: Agregar Etiqueta
Sin Etiquetas, Sea el primero en etiquetar este registro!

MARC

LEADER 00000nbm a2200000 4500
001 0302335
005 20250806084556.7
041 0 |a slo 
044 |a SK 
245 1 0 |a Pandemické lekcie v postpandemickom svete v oblasti HR - skúsenosti medzinárodných firiem  |b diplomová práca  |c Ema Greškovičová ; školiteľ: Daniel Krajčík 
264 1 |a Bratislava  |c 2024 
300 |a 73 s. 
100 1 |a Greškovičová, Ema 
700 1 |a Krajčík, Daniel, 1981- 
710 2 |a Obchodná fakulta EU. Katedra medzinárodného obchodu